| 000 | 00442nam a2200169Ia 4500 | ||
|---|---|---|---|
| 008 | 131103s9999 xx 000 0 und d | ||
| 040 | _aLoreto College | ||
| 041 | _aEnglish | ||
| 082 |
_aF/TRE _bLCBED/6668 |
||
| 100 | _aTrench, Sally | ||
| 245 |
_aBury me in my boots _cSally Trench |
||
| 260 |
_aLondon _bHodder and Stroughton _c1968 |
||
| 300 |
_a192 p. _c 18 cm. |
||
| 650 | _aEnglish fiction | ||
| 850 | _aLCBED/F/TRE | ||
| 942 | _cBK | ||
| 999 |
_c33103 _d83582 |
||